000 00630nam a22001577a 4500
003 Macl
005 20250731144020.0
008 250731b |||||||| |||| 00| 0 eng d
040 _cMacl
082 _a500
100 _aसिंह ,विक्रम
_983226
245 _aMPPSC 2.0 प्रीलिम्‍स Handwritten यूनिट-७ विज्ञान,पर्यावरण एवं स्‍वास्‍थ्‍य
260 _aमेरठ (यूपी)
_bअरिहन्‍त पब्लिकेशन्‍स
_c२२०२५
650 _aविज्ञान
942 _2ddc
_cC. BOOKS
999 _c68055
_d68055